Proceedings of the Japan Academy. Series B, Physical and biological sciences

Bibliographic Details
Previous Title:Proceedings of the Japan Academy (Online)
Corporate Author: Nihon Gakushiin
Format: Electronic Journal
Language:English
Published: [Ueno Park, Tokyo] : Japan Academy, 1977-
Subjects:
Online Access:Full text available from Research Library: 01/01/2012 to present

MARC

LEADER 00000nas a2200000 a 4500
001 ssj0032581
003 WaSeSS
005 20200512172242.0
006 m d
007 cr n
008 040720c19779999ja mr pss 0 0eng c
010 |a  2007233345 
022 |a 1349-2896  |l 0386-2208  |y 0386-2208 
035 |a (WaSeSS)ssj0032581 
040 |a KMM  |b eng  |c KMM  |d CUS  |d OCLCQ  |d GUA  |d OCLCQ  |d OCLCO  |d OCLCQ  |d RIV  |d OCLCF  |d OCLCO  |d OCLCQ  |d BUF  |d NTG  |d AU@  |d WYU  |d U3W  |d OCLCQ  |d OCLCO  |d VT2  |d OCLCO  |d OCLCA  |d WaSeSS 
042 |a pcc 
050 1 4 |a QH301 
082 0 4 |a 505 
110 2 |a Nihon Gakushiin. 
240 1 0 |a Proceedings of the Japan Academy. Series B. Physical and biological sciences (Online) 
245 1 0 |a Proceedings of the Japan Academy.  |n Series B,  |p Physical and biological sciences  |h [electronic resource]. 
246 3 0 |a Physical and biological sciences 
246 3 0 |a PJAB 
260 |a [Ueno Park, Tokyo] :  |b Japan Academy,  |c 1977- 
310 |a Monthly 
362 0 |a Vol. 53, no. 1 (1977)- 
500 |a Title from contents screen (J-STAGE, viewed Mar. 9, 2007). 
506 |a License restrictions may limit access. 
538 |a Mode of access: World Wide Web. 
546 |a Available in English and Japanese. 
588 |a Latest issue consulted: Vol. 83, no. 1 (2007), viewed Mar. 9, 2007. 
650 0 |a Physical sciences  |v Periodicals. 
650 0 |a Biology  |v Periodicals. 
650 0 |a Physics  |v Periodicals. 
650 7 |a Biology.  |2 fast  |0 (OCoLC)fst00832383 
650 7 |a Physical sciences.  |2 fast  |0 (OCoLC)fst01062723 
650 7 |a Physics.  |2 fast  |0 (OCoLC)fst01063025 
650 2 |a Biological Science Disciplines. 
650 2 |a Science. 
655 0 |a Electronic journals. 
776 1 |a Nihon Gakushiin.  |s Proceedings of the Japan Academy. Series B. Physical and biological sciences  |x 0386-2208  |w (DLC) 78644653  |w (OCoLC)3403778 
780 0 0 |t Proceedings of the Japan Academy (Online) 
856 4 0 |z Full text available from Research Library: 01/01/2012 to present  |u https://search.proquest.com/publication/1066378